Shock for the secret seven

Bibliographic Details
Format: Book
Published: London : Award Publications , 1991
Subjects:

MARC

LEADER 00000cam a2200000 7i4500
001 0000001053
002 000001166
005 20000330.0
020 |a 0861635353 
090 0 0 |a JF   |b BLY 
245 1 0 |a Shock for the secret seven   |c Enid Blyton 
260 |a London :   |b Award Publications ,   |c 1991 
300 |a 128p ;   |c 19cm. 
650 0 0 |a Adventure stories 
999 |a 031297   |b BUKU   |c JUNIOR FICTION   |e PERPUSTAKAAN KOMUNITI PETALING JAYA 
999 |a 031298   |b BUKU   |c PINJAMAN   |e PERPUSTAKAAN KOMUNITI PETALING JAYA